| 000 | 00662nam a2200205 i 4500 | ||
|---|---|---|---|
| 001 | 32312 | ||
| 003 | ES-MaACL | ||
| 005 | 20230910063043.0 | ||
| 007 | t| | ||
| 008 | 030130q19001999sp ||||1| spa d | ||
| 100 | 1 |
_aBernis, Francisco, _d1877-1933 _928345 |
|
| 245 | 1 | 0 |
_aFomento de las exportaciones / _cFrancisco Bernis. |
| 260 |
_aBarcelona : _b[s.n., _c19??] ( _fLópez Robert) |
||
| 300 |
_a232 p. ; _c18 cm. |
||
| 490 | 1 | _aBiblioteca de Cultura Moderna y Contemporánea | |
| 650 | 0 | 4 |
_aExportación- _zEspaña. _912699 |
| 830 | 0 |
_aBiblioteca de Cultura Moderna y Contemporánea _9181123 |
|
| 852 |
_aES-MaACL _jF-596 |
||
| 999 |
_c32312 _d32312 |
||